Introduction to the numerical modeling of groundwater and geothermal systems : (Record no. 531715)
[ view plain ]
| 000 -LEADER | |
|---|---|
| fixed length control field | 01462cam a2200349 a 4500 |
| 001 - CONTROL NUMBER | |
| control field | 16069112 |
| 003 - CONTROL NUMBER IDENTIFIER | |
| control field | NUST |
| 005 - DATE AND TIME OF LATEST TRANSACTION | |
| control field | 20191024104915.0 |
| 008 - FIXED-LENGTH DATA ELEMENTS--GENERAL INFORMATION | |
| fixed length control field | 100126s2010 flua b 001 0 eng |
| 010 ## - LIBRARY OF CONGRESS CONTROL NUMBER | |
| LC control number | 2010001112 |
| 020 ## - INTERNATIONAL STANDARD BOOK NUMBER | |
| International Standard Book Number | 9780415401678 (hardcover : alk. paper) |
| 020 ## - INTERNATIONAL STANDARD BOOK NUMBER | |
| Canceled/invalid ISBN | 9780203848104 (e-book) |
| 038 ## - RECORD CONTENT LICENSOR | |
| Staff Name | MSOHAIL |
| 040 ## - CATALOGING SOURCE | |
| Original cataloging agency | DLC |
| Transcribing agency | DLC |
| Modifying agency | DLC |
| 050 00 - LIBRARY OF CONGRESS CALL NUMBER | |
| Classification number | GB1197.7 |
| Item number | .B86 2010 |
| 082 00 - DEWEY DECIMAL CLASSIFICATION NUMBER | |
| Classification number | 551.49015118 |
| Edition number | 22 |
| 100 1# - MAIN ENTRY--PERSONAL NAME | |
| Personal name | Bundschuh, Jochen. |
| 9 (RLIN) | 8450 |
| 245 10 - TITLE STATEMENT | |
| Title | Introduction to the numerical modeling of groundwater and geothermal systems : |
| Remainder of title | fundamentals of mass, energy, and solute transport in poroelastic rocks / |
| Statement of responsibility, etc. | Jochen Bundschuh, Mario César Suárez Arriaga. |
| 260 ## - PUBLICATION, DISTRIBUTION, ETC. | |
| Place of publication, distribution, etc. | Boca Raton : |
| Name of publisher, distributor, etc. | CRC Press, |
| Date of publication, distribution, etc. | c2010. |
| 300 ## - PHYSICAL DESCRIPTION | |
| Extent | xlii, 479 p. : |
| Other physical details | ill. (some col.) ; |
| Dimensions | 26 cm. |
| 490 0# - SERIES STATEMENT | |
| Series statement | Multiphysics modeling, |
| International Standard Serial Number | 1877-0274 ; |
| Volume/sequential designation | v. 2 |
| 500 ## - GENERAL NOTE | |
| General note | "A Balkema book." |
| 504 ## - BIBLIOGRAPHY, ETC. NOTE | |
| Bibliography, etc. note | Includes bibliographical references (p. 439-456) and index. |
| 650 #0 - SUBJECT ADDED ENTRY--TOPICAL TERM | |
| Topical term or geographic name entry element | Groundwater flow |
| General subdivision | Mathematical models. |
| 9 (RLIN) | 2319 |
| 650 #0 - SUBJECT ADDED ENTRY--TOPICAL TERM | |
| Topical term or geographic name entry element | Rocks |
| General subdivision | Permeability |
| -- | Mathematical models. |
| 9 (RLIN) | 24674 |
| 650 #0 - SUBJECT ADDED ENTRY--TOPICAL TERM | |
| Topical term or geographic name entry element | Porous materials |
| General subdivision | Permeability |
| -- | Mathematical models. |
| 9 (RLIN) | 24675 |
| 650 #0 - SUBJECT ADDED ENTRY--TOPICAL TERM | |
| Topical term or geographic name entry element | Transport theory |
| General subdivision | Mathematical models. |
| 9 (RLIN) | 24676 |
| 700 1# - ADDED ENTRY--PERSONAL NAME | |
| Personal name | Suárez Arriaga, Mario César. |
| 9 (RLIN) | 24677 |
| 906 ## - LOCAL DATA ELEMENT F, LDF (RLIN) | |
| a | 7 |
| b | cbc |
| c | orignew |
| d | 1 |
| e | ecip |
| f | 20 |
| g | y-gencatlg |
| 942 ## - ADDED ENTRY ELEMENTS (KOHA) | |
| Source of classification or shelving scheme | |
| Koha item type | Book |
| Withdrawn status | Lost status | Source of classification or shelving scheme | Damaged status | Not for loan | Permanent Location | Current Location | Date acquired | Total Checkouts | Full call number | Barcode | Date last seen | Price effective from | Koha item type |
|---|---|---|---|---|---|---|---|---|---|---|---|---|---|
| School of Civil and Environmental Engineering (SCEE) | School of Civil and Environmental Engineering (SCEE) | 10/24/2019 | 551.49015118 | NIT-11647 | 10/24/2019 | 10/24/2019 | Book |
